<?xml version="1.0" encoding="UTF-8"?>
<record
    xmlns:xsi="http://www.w3.org/2001/XMLSchema-instance"
    xsi:schemaLocation="http://www.loc.gov/MARC21/slim http://www.loc.gov/standards/marcxml/schema/MARC21slim.xsd"
    xmlns="http://www.loc.gov/MARC21/slim">

  <leader>01132ntaaa2200277   4500</leader>
  <controlfield tag="003">01</controlfield>
  <controlfield tag="005">20251027203321.0</controlfield>
  <controlfield tag="008">0714s1973  ag    01 </controlfield>
  <datafield tag="020" ind1=" " ind2=" ">
    <subfield code="a">950551137X</subfield>
  </datafield>
  <datafield tag="040" ind1=" " ind2=" ">
    <subfield code="a">AR-BaBN</subfield>
    <subfield code="b">spa</subfield>
    <subfield code="c">AR-BaBN</subfield>
    <subfield code="e">aacr</subfield>
    <subfield code="d">RIC</subfield>
  </datafield>
  <datafield tag="082" ind1=" " ind2=" ">
    <subfield code="a">922.742 G58</subfield>
  </datafield>
  <datafield tag="100" ind1=" " ind2=" ">
    <subfield code="a">Gonz&#xE1;lez, Justo L. </subfield>
    <subfield code="9">74</subfield>
  </datafield>
  <datafield tag="111" ind1=" " ind2=" ">
    <subfield code="a">C&#xE1;tedra Carnahan  </subfield>
    <subfield code="n">2003 </subfield>
    <subfield code="c">Instituto Universitario ISEDET, Buenos Aires</subfield>
    <subfield code="9">36571</subfield>
  </datafield>
  <datafield tag="245" ind1=" " ind2=" ">
    <subfield code="a">Juan Wesley : </subfield>
    <subfield code="b">desaf&#xED;os para nuestro siglo / </subfield>
    <subfield code="c">Justo L. Gonz&#xE1;lez</subfield>
  </datafield>
  <datafield tag="260" ind1=" " ind2=" ">
    <subfield code="a">Buenos Aires : </subfield>
    <subfield code="b">FAIE, </subfield>
    <subfield code="c">2004</subfield>
  </datafield>
  <datafield tag="300" ind1=" " ind2=" ">
    <subfield code="a">138 p.  ; </subfield>
    <subfield code="c">22 x 15 cm</subfield>
  </datafield>
  <datafield tag="500" ind1=" " ind2=" ">
    <subfield code="a">C&#xE1;tedra Carnahan 2003 Instituto Universitario ISEDET</subfield>
  </datafield>
  <datafield tag="505" ind1=" " ind2=" ">
    <subfield code="t">La teolog&#xED;a pr&#xE1;ctica de Juan Wesley, o: una teolog&#xED;a a caballo</subfield>
  </datafield>
  <datafield tag="505" ind1=" " ind2=" ">
    <subfield code="t">Wesley ante la pol&#xED;tica y la econom&#xED;a, o: &#xBF;Por qu&#xE9; est&#xE1;n tan caros los huevos?</subfield>
  </datafield>
  <datafield tag="505" ind1=" " ind2=" ">
    <subfield code="t">El Esp&#xED;ritu Santo en la vida de Wesley, o: Pentencost&#xE9;s, si; entusiasmo, no</subfield>
  </datafield>
  <datafield tag="505" ind1=" " ind2=" ">
    <subfield code="t">La tarea pastoral en la tradici&#xF3;n wesleyana</subfield>
  </datafield>
  <datafield tag="505" ind1=" " ind2=" ">
    <subfield code="t">Dos sermones de Juan Wesley: Reflexiones sobre la esclavitud y El esp&#xED;ritu cat&#xF3;lico</subfield>
  </datafield>
  <datafield tag="650" ind1=" " ind2=" ">
    <subfield code="a">ARGENTINA</subfield>
    <subfield code="9">4582</subfield>
  </datafield>
  <datafield tag="650" ind1=" " ind2=" ">
    <subfield code="a">HISTORIA</subfield>
    <subfield code="9">175</subfield>
  </datafield>
  <datafield tag="942" ind1=" " ind2=" ">
    <subfield code="c">BK</subfield>
  </datafield>
  <datafield tag="999" ind1=" " ind2=" ">
    <subfield code="c">28669</subfield>
    <subfield code="d">28669</subfield>
  </datafield>
  <datafield tag="952" ind1=" " ind2=" ">
    <subfield code="0">0</subfield>
    <subfield code="1">0</subfield>
    <subfield code="4">0</subfield>
    <subfield code="7">0</subfield>
    <subfield code="a">BP</subfield>
    <subfield code="b">BP</subfield>
    <subfield code="d">2025-10-27</subfield>
    <subfield code="i">045155</subfield>
    <subfield code="l">0</subfield>
    <subfield code="o">922.742 G58</subfield>
    <subfield code="p">045155</subfield>
    <subfield code="r">2025-10-27 20:33:21</subfield>
    <subfield code="w">2025-10-27</subfield>
    <subfield code="y">BK</subfield>
  </datafield>
</record>
